000 00614nam a2200181 i 4500
001 110406
003 ES-MaACL
005 20230906185039.0
007 t|
008 061121s1967 sp |||| | spa d
100 1 _aOrdóñez Márquez, Juan.
_987202
245 1 3 _aLa Iglesia
_b: pueblo sacerdotal /
_cJuan Ordóñez Márquez.
260 _aSevilla :
_bInstituto de Estudios Superiores Eclesiásticos "Isidorianum",
_c1967.
300 _a143 p. ;
_c21 cm.
650 0 4 _aSacerdotes.
_916959
710 2 _aInstituto de Estudios Superiores Eclesiásticos Isidorianum (Sevilla)
_94934
852 _aES-MaACL
_jC-33775
999 _c110406
_d110406